000 00273nam a22001217a 4500
082 _a425
_bCAR/E
100 _aCARROLL,BRENDAN. J
245 _aENGLISH FOR COLLEGES
260 _aMADRAS
_bMACMILLAN INDIA LIMITED
300 _a204
650 _aVOCABULARY
_zINDIA
942 _cBK
999 _c3935
_d3935